Instrucción relativa a las acciones a considerar en el proyecto de puentes de ferrocarril / Ministerio de Obras Públicas
ISBN:
84-500-7131-3
Descripción Física:
50 p. : il. ; 21 cm
MARC
| LEADER | 00000nam a2200000Ia 4500 | ||
|---|---|---|---|
| 001 | 18816 | ||
| 008 | 160829s1975 xx 000 0 cat d | ||
| 020 | |a 84-500-7131-3 | ||
| 080 | |a C-2-494 | ||
| 100 | |a Espanya. Ministerio de Obras Públicas |9 44134 | ||
| 245 | |a Instrucción relativa a las acciones a considerar en el proyecto de puentes de ferrocarril / Ministerio de Obras Públicas | ||
| 260 | |a Madrid : |b MOP. Servicio de Publicaciones, |c 1975 | ||
| 300 | |a 50 p. : |b il. ; |c 21 cm | ||
| 650 | |a Ferrocarrils |x Normes |9 44117 | ||
| 650 | |a Inversions públiques |x Espanya |9 44081 | ||
| 650 | |a Gestió de projectes |x Espanya |9 44082 | ||
| 650 | |a Ponts de ferrocarril |x Projectes |9 44083 | ||
| 901 | |a Arxiu | ||
| 942 | |n 1 | ||
| 952 | |0 0 |1 0 |4 0 |6 C2494 |7 1 |9 51784 |a Arxiu |b Arxiu |d 2016-12-01 |l 0 |o C-2-494 |p 18816 |r 2016-12-01 00:00:00 |w 2016-12-01 |y ARXIU | ||
| 999 | |c 55630 |d 55630 | ||